Japanese business glossary
Gorde:
| Erakunde egilea: | |
|---|---|
| Formatua: | Liburua |
| Hizkuntza: | Undetermined |
| Argitaratua: |
Tokyo
Toyo Keizai-Shinposha
1983
|
| Gaiak: | |
| Etiketak: |
Etiketa erantsi
Etiketarik gabe, Izan zaitez lehena erregistro honi etiketa jartzen!
|
| Thư viện lưu trữ: | Trung tâm Học liệu Trường Đại học Cần Thơ |
|---|
| LEADER | 00544nam a2200193Ia 4500 | ||
|---|---|---|---|
| 001 | CTU_79364 | ||
| 008 | 210402s9999 xx 000 0 und d | ||
| 082 | |a 658.3 | ||
| 082 | |b M684 | ||
| 110 | |a Mitsubishi Corporation | ||
| 245 | 0 | |a Japanese business glossary | |
| 245 | 0 | |c Mitsubishi Corporation | |
| 260 | |a Tokyo | ||
| 260 | |b Toyo Keizai-Shinposha | ||
| 260 | |c 1983 | ||
| 650 | |a Industrial sociology,Personnel management | ||
| 650 | |x Dictionaries | ||
| 650 | |z japan,Japan | ||
| 980 | |a Trung tâm Học liệu Trường Đại học Cần Thơ | ||